[Event "Michigan Open Reserve"]
[Site "Lansing, MI"]
[Date "2002.08.31"]
[Round "3.5"]
[White "Sundeen, David"]
[Black "Choate, Eric"]
[Result "1-0"]
[WhiteElo "1647"]
[BlackElo "1521"]
[Annotator "Tim McGrew"]
[PlyCount "45"]
[EventDate "2002.08.30"]

{King's Gambit Declined: Nimzovich} 1. e4 e5 2. f4 d6 {This is a fairly
passive move, but it is probably better than its reputation. The main problem
is that Black doesn't understand how to follow it up.} 3. Nf3 Nc6 (3... exf4 {
would transpose into Fischer's Defense to the King's Gambit, where Black will
play ...g5 to hold the pawn and meet h4 with ...g4 kicking White's knight.
Theoreticians can argue endlessly about its merits, but it does force White to
find something other than the Kieseritzky line since Ne5 is not an option now.}
) 4. Bc4 ({From a positional point of view, there's a lot to be said for} 4.
Bb5 {White would love to double Black's c-pawns and then capture on e5,
leaving Black crippled for any endgame.}) 4... h6 5. O-O Bg4 6. h3 Bxf3 7. Rxf3
Nf6 8. Nc3 Qd7 9. d3 O-O-O ({Black's main problem in this position is a lack
of space. With} 9... Na5 10. Bb3 Nxb3 11. axb3 {he can trade pieces, the
time-tested remedy for a cramped position, and then complete development and
aim for ...d5 to equalize in the center. This plan is slow but sound; it would
have minimized White's advantage.}) 10. Be3 a6 11. a3 Nh7 $6 {Black wants to
start something on the king-side with ...g5, but this plan is flawed. It is
too slow, it is the wrong place for Black to be playing, and it can be crossed
up by f5 if White decides he can afford to lock the king-side.} (11... exf4 {
looks like a more reasonable plan, intending to meet} 12. Bxf4 {with} Ne5 13.
Bxe5 dxe5 {and the exchanges have freed Black's position to some extent.}) 12.
b4 g5 $2 {Pursuing the wrong plan. White's pieces are aimed at the king-side,
and with this move Black just opens lines for them -- the f-file in particular.
The speed with which Black's game now collapses is almost frightening.} 13.
fxg5 Nxg5 14. Bxg5 hxg5 15. Rxf7 Qe8 16. Qg4+ Kb8 17. Raf1 {The open f-file
and the d5 square are so inviting that White's game plays itself.} Nd4 18. Nd5
Rc8 19. Nf6 Qa4 20. Nd7+ Ka8 21. Nb6+ $1 {In a vastly superior position, the
tactical shots are easy to find.} cxb6 22. Qxc8+ Ka7 23. Qxb7# 1-0

[Event "Michigan Open Reserve"]
[Site "Lansing, MI"]
[Date "2002.08.31"]
[Round "3.6"]
[White "Steen, Harold"]
[Black "Fick II, Douglas"]
[Result "1/2-1/2"]
[WhiteElo "1642"]
[BlackElo "1458"]
[PlyCount "46"]
[EventDate "2002.08.30"]

1. d4 Nf6 2. e3 g6 3. Bd3 Bg7 4. f4 b6 5. Nf3 Bb7 6. O-O O-O 7. Nbd2 d5 8. Ne5
Nbd7 9. b3 c5 10. Bb2 Rc8 11. g4 cxd4 12. exd4 Nxe5 13. fxe5 Ne4 14. Qe2 Nxd2
15. Qxd2 Qd7 16. Qe2 Rce8 17. Rf2 Bc6 18. Raf1 Qc8 19. Ba6 Bb7 20. Bd3 Bc6 21.
Ba6 Bb7 22. Bd3 Bc6 23. Ba6 Bb7 1/2-1/2

[Event "Michigan Open Reserve"]
[Site "Lansing, MI"]
[Date "2002.08.31"]
[Round "1.25"]
[White "Steen, Harold"]
[Black "Crysler, Jerry"]
[Result "1-0"]
[WhiteElo "1642"]
[BlackElo "1467"]
[PlyCount "120"]
[EventDate "2002.08.30"]

1. d4 g6 2. e3 Bg7 3. Bd3 f6 4. Nf3 Nh6 5. Nbd2 Nf7 6. O-O O-O 7. c3 d6 8. Re1
Nd7 9. e4 c6 10. Qc2 Re8 11. Nc4 b5 12. Ne3 a6 13. Ng4 Nb6 14. Ne3 e5 15. b3
Nd7 16. a4 Bb7 17. Bb2 exd4 18. cxd4 Nb6 19. Rad1 Rc8 20. Rd2 Qd7 21. Qd1 d5
22. e5 fxe5 23. dxe5 Nxe5 24. Nxe5 Bxe5 25. Ba1 Bxa1 26. Qxa1 d4 27. Nc2 Rxe1+
28. Nxe1 c5 29. axb5 axb5 30. Qa5 Re8 31. Nc2 Qd5 32. f3 Nd7 33. Qxb5 Kg7 34.
Be4 Rxe4 35. fxe4 Bc6 36. exd5 Bxb5 37. b4 d3 38. Na3 Ba4 39. b5 c4 40. Nxc4
Bxb5 41. Nb2 Ne5 42. h3 Kf6 43. Kf2 Ke7 44. Ke3 Kd6 45. Kd4 Ba6 46. Rf2 Nd7 47.
Nc4+ Ke7 48. Ne5 Nf6 49. Nxd3 Bxd3 50. Rxf6 Kxf6 51. Kxd3 Ke5 52. Kc4 Kd6 53.
h4 h6 54. Kd4 g5 55. hxg5 hxg5 56. Ke4 g4 57. g3 Kd7 58. Ke5 Ke7 59. Kf5 Kd6
60. Kxg4 Kxd5 1-0

[Event "Michigan Open Reserve"]
[Site "Lansing, MI"]
[Date "2002.08.31"]
[Round "3.9"]
[White "Staples, Christian"]
[Black "Ford, Adam"]
[Result "1/2-1/2"]
[WhiteElo "1775"]
[BlackElo "1232"]
[Annotator "Don Vandivier"]
[PlyCount "72"]
[EventDate "2002.08.30"]

{French: Advance (Paulsen)} 1. e4 e6 2. d4 d5 3. e5 c5 4. c3 Nc6 5. Nf3 Qb6 6.
Be2 cxd4 7. cxd4 Bb4+ 8. Nc3 Nge7 9. O-O Nf5 10. a3 Be7 11. Na4 Qc7 12. b4 a6
13. Bb2 O-O 14. Rc1 b5 15. Nc5 Bxc5 16. Rxc5 Qb6 17. Qc2 Bb7 18. g4 Nfe7 19.
Ng5 Ng6 20. h4 f5 21. Nxe6 Rfe8 $2 {An interesting line for Black is gets him
out of this mess is:} (21... Nxb4 $1 22. axb4 Qxe6 23. gxf5 Rxf5 24. Bg4 Rg5
25. f3 (25. hxg5 Qxg4+ 26. Kh2 Qh4+ 27. Kg1 Qxg5+ 28. Kh1 Qh4+ 29. Kg1 Qg4+ 30.
Kh2 Rf8) 25... Nxh4) 22. gxf5 Nxh4 23. Kh1 Ne7 24. Bg4 (24. Nc7 Nhxf5 25. Qd2
Rf8 26. Nxa8 Bxa8 {was strong}) 24... Rac8 $2 {Black misses his way out.} (
24... Nhxf5 25. Nc7 (25. Bxf5 Nxf5 26. Qxf5 Qxe6) 25... Qh6+ 26. Kg1 Qg6 27. f3
h5 28. Qg2 Ne3 29. Be6+ Qxe6 30. Nxe6 Nxg2 31. Kxg2 Nf5) 25. Bc1 $6 {Now it's
White's turn to overlook a good move.} (25. f6 $1 gxf6 26. exf6 {wins a piece.}
) 25... h6 $2 ({Still giving Black an equal game is:} 25... Nhxf5 26. Bxf5 Nxf5
) 26. f4 $2 {Missing the f6 shot} Nhxf5 27. Bxf5 Nxf5 28. Qxf5 Qxe6 29. Qxe6+
Rxe6 30. f5 Rxc5 $2 (30... Re7) 31. fxe6 $2 (31. bxc5) 31... Rc8 32. e7 Re8 33.
Rg1 Kh7 34. Kg2 Rxe7 35. Rf1 Kg6 36. Bd2 Rf7 {A draw is agreed. Although the
endgame is with bishops of opposite color, Black has better winning chances
than White. Not just because he's a pawn up, but because he has two connected
passed pawns.} 1/2-1/2

[Event "Michigan Open"]
[Site "Lansing, MI"]
[Date "2002.08.31"]
[Round "3.13"]
[White "Spooner, Frank"]
[Black "Bailey, Greg"]
[Result "0-1"]
[WhiteElo "1729"]
[BlackElo "1950"]
[PlyCount "82"]
[EventDate "2002.08.30"]

1. Nf3 f5 2. b3 Nf6 3. Bb2 e6 4. e3 Be7 5. c4 O-O 6. Nc3 c6 7. d3 d5 8. cxd5
exd5 9. Be2 Nbd7 10. O-O Re8 11. Qc2 Bd6 12. d4 Ne4 13. Rac1 g5 14. Nxe4 fxe4
15. Ne5 Nxe5 16. dxe5 Bxe5 17. Bh5 Re7 18. f4 gxf4 19. exf4 Bxb2 20. Qxb2 Qf8
21. Rc3 Qh6 22. Rg3+ Rg7 23. Qe5 Rxg3 24. hxg3 Bd7 25. g4 Rf8 26. Qe7 Qg7 27.
Qe5 Qxe5 28. fxe5 Rxf1+ 29. Kxf1 Kf8 30. Ke2 d4 31. g5 Be8 32. Bg4 Ke7 33. Bc8
b6 34. g4 Bd7 35. Bb7 Bxg4+ 36. Kd2 Bd7 37. b4 Ke6 38. b5 e3+ 39. Ke2 cxb5 40.
Be4 Kxe5 41. Bxh7 Bf5 0-1

[Event "Michigan Open Booster"]
[Site "Lansing, MI"]
[Date "2002.08.31"]
[Round "2.1"]
[White "Spindleman, Brian"]
[Black "Gregg, Ted"]
[Result "0-1"]
[WhiteElo "960"]
[BlackElo "1230"]
[PlyCount "60"]
[EventDate "2002.08.30"]

1. d4 f5 2. Nc3 Nf6 3. Bg5 e6 4. e3 Bb4 5. Nge2 O-O 6. a3 Bxc3+ 7. Nxc3 d5 8.
Be2 Nbd7 9. Qd2 Qe8 10. h4 Ne4 11. Nxe4 fxe4 12. O-O-O Rxf2 13. Rh2 Qf7 14.
Rdh1 b6 15. Bf4 Ba6 16. Qe1 Rxe2 17. Qg3 c5 18. h5 cxd4 19. Rh4 d3 20. cxd3
Bxd3 21. Rg4 Rc8+ 22. Kd1 Rcc2 23. Bh6 Red2+ 24. Ke1 Qf2+ 25. Qxf2 Rxf2 26.
Rxg7+ Kf8 27. Rxh7+ Ke8 28. Rh8+ Ke7 29. Bg5+ Kd6 30. h6 Rxg2 {White move 31
missing: 31...Rxg5 32.h7 Rc1+ 33.Kf2 Rxh1 34.h8Q White Resigns} 0-1

[Event "Michigan Open"]
[Site "Lansing, MI"]
[Date "2002.08.31"]
[Round "3.9"]
[White "Skidmore, Mike"]
[Black "Gabbara, Faris"]
[Result "0-1"]
[WhiteElo "1847"]
[BlackElo "2040"]
[PlyCount "80"]
[EventDate "2002.08.30"]

1. e4 e5 2. Nf3 Nf6 3. Nc3 Bb4 4. d3 d6 5. Bd2 c6 6. a3 Ba5 7. Be2 O-O 8. O-O
Re8 9. h3 d5 10. b4 Bc7 11. Bg5 d4 12. Na2 Nbd7 13. c3 dxc3 14. Nxc3 Nf8 15.
Qc2 Ne6 16. Bh4 Nf4 17. Bg3 N6h5 18. Bxf4 Nxf4 19. Rfe1 Nxe2+ 20. Rxe2 Qf6 21.
Nh2 Qg6 22. g4 Qh6 23. Kg2 Bd8 24. Nd1 Re6 25. Ne3 g6 26. Nf3 Qf4 27. Nc4 h5
28. Ne3 Bb6 29. Qd2 Rf6 30. Nh2 Be6 31. Nc4 hxg4 32. Qxf4 gxh3+ 33. Kg1 exf4
34. Nxb6 axb6 35. f3 g5 36. Nf1 Rd8 37. Rd1 g4 38. fxg4 Bxg4 39. Red2 Bxd1 40.
Rxd1 Rfd6 0-1

[Event "Michigan Open"]
[Site "Lansing, MI"]
[Date "2002.08.31"]
[Round "2.22"]
[White "Skidmore, Jennifer"]
[Black "Hahn, David"]
[Result "0-1"]
[WhiteElo "1843"]
[BlackElo "2145"]
[PlyCount "70"]
[EventDate "2002.08.30"]

1. e4 d6 2. d4 Nf6 3. Bd3 g6 4. f4 Bg7 5. Nf3 O-O 6. O-O c5 7. e5 Nd5 8. Be4
Nc7 9. dxc5 dxc5 10. Be3 Nba6 11. Nc3 Rb8 12. Qe2 Bg4 13. h3 Bxf3 14. Qxf3 b6
15. Qg3 e6 16. Rad1 Qe7 17. f5 exf5 18. Bg5 Bxe5 19. Qh4 f6 20. Bd5+ Kh8 21.
Bh6 Rfd8 22. Kh1 Bxc3 23. Rde1 Qd6 24. bxc3 Nxd5 25. Rd1 g5 26. Qf2 Qf4 27. Qe2
Qh4 28. Bg7+ Kxg7 29. Rxd5 Rxd5 30. Qxa6 Rbd8 31. Qe2 Re5 32. Qf3 Rde8 33. Kh2
R8e7 34. g3 Re2+ 35. Rf2 Qe4 0-1

[Event "Michigan Open Booster"]
[Site "Lansing, MI"]
[Date "2002.08.31"]
[Round "2.28"]
[White "Shetty, Atulya"]
[Black "Gladieux, Kate"]
[Result "0-1"]
[WhiteElo "1033"]
[BlackElo "773"]
[PlyCount "94"]
[EventDate "2002.08.30"]

1. c3 Nf6 2. d4 g6 3. Qc2 Bg7 4. e4 d6 5. Nf3 O-O 6. Bc4 d5 7. exd5 Nxd5 8. O-O
Bg4 9. Qd3 c6 10. Nbd2 Bf5 11. Ne4 b5 12. Bb3 a6 13. c4 Nb4 14. Qe3 a5 15. a4
bxc4 16. Bxc4 Nc2 17. Qb3 Nxa1 18. Qa2 Bxe4 19. Ng5 Bd5 20. Bxd5 cxd5 21. Qxa1
Nc6 22. Re1 Nxd4 23. Rd1 e5 24. f4 Nc6 25. Be3 Nb4 26. Qb1 exf4 27. Bxf4 Bh6
28. h4 Re8 29. Kh2 f6 30. Ne6 Bxf4+ 31. Nxf4 Re4 32. g3 Re5 33. Rh1 f5 34. Kg2
Qc7 35. h5 g5 36. Nh3 g4 37. Ng5 Qc2+ 38. Qxc2 Nxc2 39. h6 Re2+ 40. Kf1 Re1+
41. Kg2 Rxh1 42. Kxh1 Rd8 43. Kg1 d4 44. Kf2 d3 45. Kf1 d2 46. Ke2 d1=Q+ 47.
Kf2 Rd2# 0-1

[Event "Michigan Open Reserve"]
[Site "Lansing, MI"]
[Date "2002.08.31"]
[Round "2.5"]
[White "Schey, Danny"]
[Black "Homa, Seth"]
[Result "0-1"]
[WhiteElo "1674"]
[BlackElo "1609"]
[PlyCount "90"]
[EventDate "2002.08.30"]

1. c4 Nf6 2. g3 c6 3. Bg2 d5 4. Nf3 e6 5. d4 Bd6 6. Nbd2 Nbd7 7. O-O O-O 8. Qc2
Re8 9. e4 dxe4 10. Nxe4 Nxe4 11. Qxe4 Nf6 12. Qc2 Qc7 13. Re1 c5 14. d5 e5 15.
b3 Rb8 16. Nh4 b5 17. Nf5 Bxf5 18. Qxf5 bxc4 19. bxc4 Rb4 20. Bg5 Qd7 21. Qd3
Qg4 22. Bxf6 gxf6 23. Re4 Qg6 24. Qe2 f5 25. Rh4 Reb8 26. Bh3 Be7 27. Rh5 Bg5
28. Bf1 Rb2 29. h4 Rxe2 30. Rxg5 Rd2 31. Re1 f6 32. Rxg6+ hxg6 33. f4 e4 34. a4
Rb3 35. Be2 Rxg3+ 36. Kf2 Rf3+ 37. Kg2 Rb3 38. Kf1 a5 39. h5 gxh5 40. Bxh5 Rb4
41. Be2 Rxa4 42. Rb1 Rb4 43. Ra1 a4 44. Ke1 Rbb2 45. Bd1 Rh2 0-1

[Event "Michigan Open Reserve"]
[Site "Lansing, MI"]
[Date "2002.08.31"]
[Round "3.14"]
[White "Schell, Ken"]
[Black "McCarter, Robert"]
[Result "1/2-1/2"]
[WhiteElo "1500"]
[BlackElo "1667"]
[PlyCount "33"]
[EventDate "2002.08.30"]

1. e4 c5 2. Nf3 Nc6 3. d4 cxd4 4. Nxd4 g6 5. Nc3 Bg7 6. Be3 Nf6 7. f3 d6 8. Bc4
a6 9. Qd2 Nxd4 10. Bxd4 Qc7 11. Bb3 O-O 12. O-O-O b5 13. Kb1 Bb7 14. h4 h5 15.
a3 Rac8 16. Rhe1 Rfd8 17. Qe3 1/2-1/2

[Event "Michigan Open Reserve"]
[Site "Lansing, MI"]
[Date "2002.08.31"]
[Round "1.22"]
[White "Schell, Ken"]
[Black "Jones, Avery"]
[Result "0-1"]
[WhiteElo "1500"]
[BlackElo "1671"]
[PlyCount "52"]
[EventDate "2002.08.30"]

1. e4 c6 2. d4 d5 3. exd5 cxd5 4. c4 Nf6 5. Nc3 Nc6 6. Bg5 dxc4 7. d5 Ne5 8.
Qd4 Ng6 9. Bxc4 a6 10. Nge2 e6 11. dxe6 Bxe6 12. Bxe6 fxe6 13. Rd1 Be7 14. Qa4+
Nd7 15. Be3 b5 16. Qd4 Bf6 17. Qe4 Kf7 18. Qb7 Ngf8 19. O-O Qc8 20. Qf3 Ng6 21.
Rd6 Rd8 22. Rfd1 Nde5 23. Qe4 Nc4 24. b3 Nxd6 25. Bb6 Nxe4 26. Rxd8 Bxd8 0-1

[Event "Michigan Open"]
[Site "Lansing, MI"]
[Date "2002.08.31"]
[Round "2.26"]
[White "Santiago, Reynaldo"]
[Black "Manion, Tom"]
[Result "1-0"]
[WhiteElo "2000"]
[BlackElo "1815"]
[PlyCount "61"]
[EventDate "2002.08.30"]

1. e4 e5 2. Nf3 Nf6 3. d3 Nc6 4. Nbd2 d5 5. g3 Bg4 6. Bg2 dxe4 7. dxe4 Nd4 8.
O-O Bb4 9. h3 Nxf3+ 10. Nxf3 Bh5 11. Qe2 O-O 12. g4 Nxg4 13. hxg4 Bxg4 14. Be3
Bd6 15. Qb5 Qf6 16. Nd2 Qg6 17. f3 Bh3 18. Rf2 Be7 19. Kh1 Qh5 20. Bxh3 Qxh3+
21. Rh2 Qc8 22. Rg1 Bf6 23. Qe2 g6 24. f4 c5 25. f5 Qc6 26. Qh5 Rfd8 27. Qxh7+
Kf8 28. fxg6 Rd7 29. Bh6+ Ke8 30. Qg8+ Ke7 31. Qxf7+ 1-0

[Event "Michigan Open Booster"]
[Site "Lansing, MI"]
[Date "2002.08.31"]
[Round "2.24"]
[White "Sanders, Travis"]
[Black "Johnson, David"]
[Result "1-0"]
[WhiteElo "1271"]
[BlackElo "429"]
[Annotator "Marshall Johnson"]
[PlyCount "87"]
[EventDate "2002.08.30"]

1. e4 c5 2. Nf3 d6 3. d4 cxd4 4. Nxd4 Nf6 5. Nc3 g6 6. Bf4 $4 Bg7 $2 7. e5 dxe5
$6 8. Bxe5 Nc6 9. Bb5 Bd7 10. Nxc6 Bxc6 11. Bxc6+ bxc6 12. Ne4 O-O 13. Nxf6+
exf6 14. Bf4 Re8+ 15. Be3 Bh6 $1 16. Qf3 Bxe3 17. fxe3 Qa5+ 18. c3 Qf5 19. O-O
Qxf3 20. Rxf3 Re7 21. Rxf6 Rxe3 22. Rxc6 Rae8 23. Ra6 Re1+ 24. Rxe1 Rxe1+ 25.
Kf2 Re7 26. c4 f5 27. b4 f4 28. b5 g5 29. b6 $2 Rb7 $2 30. bxa7 Rb2+ 31. Kf3
g4+ 32. Kxf4 Rf2+ 33. Kg3 Rf8 34. a8=Q Rxa8 35. Rxa8+ Kf7 36. c5 Ke6 37. Rb8
Kd7 38. a4 Kc7 39. Rb1 Kc6 40. a5 Kxc5 41. a6 Kc6 42. a7 Kc5 43. a8=Q Kd4 44.
Re1 1-0

[Event "Michigan Open"]
[Site "Lansing, MI"]
[Date "2002.08.31"]
[Round "2.4"]
[White "Perkins, Michael"]
[Black "Williams, Ron"]
[Result "1-0"]
[WhiteElo "1584"]
[BlackElo "1955"]
[PlyCount "77"]
[EventDate "2002.08.30"]

1. b3 Nc6 2. e3 d6 3. Bb2 e5 4. Bb5 Bd7 5. Nf3 Nf6 6. d4 e4 7. Nfd2 a6 8. Bxc6
bxc6 9. c4 d5 10. Qc1 Bb4 11. Ba3 a5 12. Nc3 O-O 13. Bxb4 axb4 14. Na4 Ng4 15.
Nf1 Qf6 16. Qc2 Ra5 17. h3 Nh6 18. Ng3 c5 19. cxd5 cxd4 20. exd4 Rxd5 21. O-O
Re8 22. Qxc7 Rxd4 23. Nb6 Bb5 24. Nc4 Qe6 25. Rad1 Rxd1 26. Rxd1 Bxc4 27. bxc4
f5 28. Nh5 Nf7 29. Nf4 Qe5 30. Qxe5 Nxe5 31. Nd5 Kf7 32. Nxb4 Nxc4 33. Rd7+ Kf6
34. Rc7 Ne5 35. Nd5+ Kg6 36. Nf4+ Kh6 37. Rc6+ Kg5 38. Nd5 h5 39. Rc7 1-0

[Event "Michigan Open"]
[Site "Lansing, MI"]
[Date "2002.08.31"]
[Round "3.1"]
[White "O'Donnell, Robert"]
[Black "Hamood, Al"]
[Result "0-1"]
[WhiteElo "2165"]
[BlackElo "2033"]
[PlyCount "111"]
[EventDate "2002.08.30"]

{Slav: Dutch} 1. d4 d5 2. c4 c6 3. Nc3 Nf6 4. Nf3 dxc4 5. a4 Bf5 6. e3 e6 7.
Bxc4 Bb4 8. O-O O-O 9. Qe2 Bg6 10. Rd1 Nbd7 11. Bd2 Qa5 12. e4 e5 13. d5 h6 14.
Be1 Rfe8 15. dxc6 bxc6 16. Nd2 Qb6 17. Kh1 Nc5 18. f3 Ne6 19. Bxe6 Rxe6 20. a5
Qc7 21. Nc4 Nh5 22. Qd3 Qe7 23. Qd7 Qc5 24. b3 Nf4 25. Qb7 Qf8 26. Rd7 Bc5 27.
Rad1 Bd4 28. Qa6 Rb8 29. Rb7 Qc8 30. Rxb8 Qxb8 31. Rb1 Bxc3 32. Bxc3 c5 33.
Bxe5 Qxe5 34. Qxa7 Qg5 35. Rg1 Bh5 36. g4 Bg6 37. Qb7 Re7 38. Qb8+ Kh7 39. e5
Ne2 40. Rf1 Re6 41. Qb7 Qd8 42. a6 Re7 43. Qc6 Rc7 44. Qb6 Qd7 45. Ra1 Qxg4 46.
Nd2 Qd4 47. Rf1 Qd7 48. Ra1 Ra7 49. Qxc5 Bd3 50. Nc4 Nf4 51. Qe3 g5 52. e6 fxe6
53. Ne5 Qg7 54. Rd1 Bxa6 55. Qe4+ Ng6 56. Rd8 0-1

[Event "Michigan Open Reserve"]
[Site "Lansing, MI"]
[Date "2002.08.31"]
[Round "3.12"]
[White "Nicolli, Randy"]
[Black "Gattinger, John"]
[Result "0-1"]
[WhiteElo "1672"]
[BlackElo "1488"]
[PlyCount "95"]
[EventDate "2002.08.30"]

1. f4 d5 2. Nf3 Nf6 3. e3 Bg4 4. h3 Bxf3 5. Qxf3 e6 6. d3 Nc6 7. Nd2 Bc5 8. Nb3
Bb6 9. Bd2 Qe7 10. g4 h6 11. Bg2 O-O-O 12. O-O Nh7 13. Rac1 g5 14. f5 Rdf8 15.
f6 Qd6 16. d4 Rd8 17. c4 dxc4 18. Rxc4 Kd7 19. Rfc1 Rb8 20. Qf1 Rhg8 21. Nc5+
Bxc5 22. Rxc5 Rge8 23. b4 a6 24. a4 Nd8 25. Qc4 c6 26. b5 axb5 27. axb5 Rc8 28.
d5 cxd5 29. Qd4 Rxc5 30. Rxc5 Nxf6 31. Ba5 e5 32. Qc3 b6 33. Bxb6 Qxb6 34. Bxd5
Nxd5 35. Rxd5+ Ke7 36. Qxe5+ Ne6 37. Kf2 Rd8 38. Rxd8 Qxd8 39. Qb2 Qd6 40. Kf3
Nc5 41. Qd4 Qxd4 42. exd4 Nd3 43. Ke4 Nf4 44. d5 Kd6 45. b6 Nxh3 46. Kf5 Nf4
47. Kf6 Nxd5+ 48. Kxf7 0-1

[Event "Michigan Open Reserve"]
[Site "Lansing, MI"]
[Date "2002.08.31"]
[Round "3.4"]
[White "Nelson, Peter"]
[Black "Jones, Avery"]
[Result "1-0"]
[WhiteElo "1383"]
[BlackElo "1671"]
[PlyCount "125"]
[EventDate "2002.08.30"]

1. d4 d5 2. c4 c6 3. Nf3 Nf6 4. Nc3 Bf5 5. cxd5 cxd5 6. Qb3 Qb6 7. Nxd5 Nxd5 8.
Qxd5 e6 9. Qc4 Nc6 10. e3 Bb4+ 11. Nd2 a6 12. Bd3 Bxd3 13. Qxd3 O-O 14. O-O
Rac8 15. Nf3 Rfd8 16. Qe4 Ne7 17. a3 Bd6 18. b4 Ng6 19. Bd2 Kf8 20. Ng5 Be7 21.
f4 Rd5 22. f5 Rxf5 23. Rxf5 exf5 24. Qxf5 Bxg5 25. Qxc8+ Bd8 26. Qc5+ Qxc5 27.
bxc5 b6 28. cxb6 Bxb6 29. Rb1 Bd8 30. Rb8 Ke7 31. Ra8 a5 32. Bxa5 Bxa5 33. Rxa5
Nf8 34. Ra7+ Nd7 35. e4 h5 36. d5 g6 37. e5 g5 38. Kf2 Ke8 39. e6 fxe6 40. Rxd7
Kxd7 41. dxe6+ Kxe6 42. Kf3 Kd5 43. a4 Kc5 44. Ke4 Kb4 45. Kf5 Kxa4 46. Kxg5
Kb5 47. Kxh5 Kc5 48. g4 Kd6 49. g5 Ke6 50. g6 Kf6 51. Kh6 Kf5 52. g7 Kg4 53.
g8=Q+ Kf5 54. Qe8 Kf4 55. Qe6 Kf3 56. Qe5 Kg4 57. Kg6 Kf3 58. Kg5 Kf2 59. Qc3
Ke2 60. Kf4 Kd1 61. Qb2 Ke1 62. Ke3 Kf1 63. Qf2# 1-0

[Event "Michigan Open Reserve"]
[Site "Lansing, MI"]
[Date "2002.08.31"]
[Round "3.11"]
[White "Mose, Greg"]
[Black "Schey, Danny"]
[Result "0-1"]
[WhiteElo "1500"]
[BlackElo "1674"]
[PlyCount "118"]
[EventDate "2002.08.30"]

1. e4 e5 2. Nf3 Nc6 3. Bb5 a6 4. Ba4 Nf6 5. O-O b5 6. Bb3 Bb7 7. Re1 Bc5 8. c3
d6 9. d4 Bb6 10. d5 Ne7 11. Bg5 Ng6 12. Qd2 h6 13. Be3 Bxe3 14. Qxe3 Nf4 15. h3
Qd7 16. Nh4 g6 17. c4 bxc4 18. Bxc4 Qe7 19. Nf3 O-O 20. Nc3 Kg7 21. Ne2 N6h5
22. Kh2 Nxe2 23. Bxe2 Bc8 24. g3 f5 25. exf5 Nf6 26. fxg6 Nxd5 27. Qd2 Qe6 28.
g4 Nf4 29. Nh4 Qf6 30. Nf5+ Bxf5 31. gxf5 Nxe2 32. Rxe2 Qxf5 33. Rg1 Rf6 34.
Qc2 Qxc2 35. Rxc2 c5 36. b4 Rc8 37. a4 c4 38. b5 axb5 39. axb5 d5 40. Rb1 Kxg6
41. b6 Rb8 42. b7 Rf7 43. Rb5 Rd7 44. Rd2 d4 45. Rxe5 c3 46. Rd3 Rbxb7 47. Re1
Rb2 48. Kg2 c2 49. Re6+ Kf5 50. Rc6 Ke4 51. Ra3 d3 52. Ra4+ Kd5 53. Rc3 d2 54.
Ra1 Kd4 55. Rxc2 Rxc2 56. Rd1 Kc3 57. Kf1 Rc1 58. Ke2 Re7+ 59. Kf1 Rxd1+ 0-1

[Event "Michigan Open Reserve"]
[Site "Lansing, MI"]
[Date "2002.08.31"]
[Round "2.1"]
[White "Moore, Robert"]
[Black "Staples, Christian"]
[Result "1-0"]
[WhiteElo "1609"]
[BlackElo "1775"]
[Annotator "Don Vandivier"]
[PlyCount "49"]
[EventDate "2002.08.30"]

{Sicilian: Accelerated Dragon (Simagin)} 1. e4 c5 2. Nf3 Nc6 3. d4 cxd4 4. Nxd4
g6 5. Nc3 Bg7 6. Nb3 a6 7. Be3 Bxc3+ 8. bxc3 Nf6 9. Bd3 d6 10. h3 Be6 11. O-O
Qc8 12. f4 Bxh3 $2 ({The sacrifice is unsound. Black could have an even game
after simply playing} 12... O-O) 13. gxh3 Qxh3 14. Qf3 Qd7 15. Nd4 h5 16. Nxc6
bxc6 17. f5 c5 $4 18. e5 $1 (18. e5 -- {Threatening} 19. Qxa8+ {and} (19. exf6)
) 18... O-O 19. exf6 exf6 20. fxg6 fxg6 21. Bh6 Qg4+ 22. Qxg4 hxg4 23. Bxf8
Rxf8 24. Bxg6 Kg7 25. Bf5 1-0

[Event "Michigan Open Reserve"]
[Site "Lansing, MI"]
[Date "2002.08.31"]
[Round "3.22"]
[White "Monge, Jeff"]
[Black "Vorhauer, Sam"]
[Result "1-0"]
[WhiteElo "1575"]
[BlackElo "1381"]
[PlyCount "120"]
[EventDate "2002.08.30"]

1. d4 d5 2. c4 e6 3. Nc3 Nf6 4. Bg5 c6 5. Nf3 Be7 6. e3 h6 7. Bh4 Nbd7 8. Bd3
Qc7 9. Rc1 a6 10. cxd5 exd5 11. Bg3 Qd8 12. O-O Nb6 13. h3 Bd6 14. Ne5 Qe7 15.
Qc2 Be6 16. Ne2 Rc8 17. Qb3 Qd8 18. Bh4 g5 19. Bg3 Ne4 20. Qc2 Bf5 21. Bh2 Bh7
22. f3 Nf6 23. Bxh7 Rxh7 24. f4 Ne4 25. Ng3 Rg7 26. Nxe4 dxe4 27. Qxe4 Kf8 28.
fxg5 hxg5 29. Qf5 Qe8 30. Rf3 Kg8 31. Rcf1 Rc7 32. Ng4 Bxh2+ 33. Kxh2 Qe6 34.
Qxe6 fxe6 35. Rf8+ Kh7 36. R1f6 Rg6 37. R6f7+ Rxf7 38. Rxf7+ Kg8 39. Rxb7 Nd5
40. e4 Nf6 41. Ne5 Rh6 42. Nxc6 g4 43. e5 Ne4 44. Ra7 gxh3 45. gxh3 Nf2 46.
Rxa6 Nxh3 47. Kg3 Ng5 48. Kg4 Nf7 49. b4 Rg6+ 50. Kf4 Kh7 51. b5 Kh6 52. b6 Kh5
53. b7 Kh4 54. b8=Q Rg4+ 55. Ke3 Rg3+ 56. Kd2 Kh3 57. Qb4 Ng5 58. Ra3 Ne4+ 59.
Kc2 Kg4 60. Rxg3+ Nxg3 1-0

[Event "Michigan Open Reserve"]
[Site "Lansing, MI"]
[Date "2002.08.31"]
[Round "2.6"]
[White "McCarter, Robert"]
[Black "Nelson, Peter"]
[Result "0-1"]
[WhiteElo "1667"]
[BlackElo "1383"]
[PlyCount "104"]
[EventDate "2002.08.30"]

1. d4 Nf6 2. Nf3 c5 3. c3 e6 4. Bg5 d5 5. Nbd2 Be7 6. e3 Nc6 7. Bd3 cxd4 8.
exd4 h6 9. Bh4 O-O 10. Ne5 Nxe5 11. dxe5 Nd7 12. Bxe7 Qxe7 13. Nf3 f5 14. Qe2
Nc5 15. Bc2 Ne4 16. h4 Qc5 17. O-O Ng3 18. Qd3 Nxf1 19. Qxf1 Bd7 20. Nd4 Qe7
21. g3 a6 22. Qd3 b5 23. a3 g6 24. Kg2 Qg7 25. f4 g5 26. Kf2 g4 27. Re1 Qe7 28.
Kg2 Qc5 29. Qd1 a5 30. Nb3 Qb6 31. Qd4 Qxd4 32. Nxd4 Rab8 33. Kf2 b4 34. cxb4
axb4 35. a4 Rfc8 36. b3 Kf7 37. Re2 Rc3 38. Rd2 Rbc8 39. Re2 R8c5 40. Rd2 Bc8
41. Bd3 h5 42. Ke2 Rc1 43. Rc2 R1xc2+ 44. Bxc2 Ba6+ 45. Kf2 Rc3 46. Bd1 Rd3 47.
Be2 Rxd4 48. Bxa6 Rd2+ 49. Be2 Rb2 50. Ke1 Rxb3 51. Bd1 Rxg3 52. Kf2 Ra3 0-1